000 01286nam a2200253Ia 4500
001 16338
003 GE_BSU
008 181216s||||||||xx |||||||||||||| ||und||
020 _aISBN 978-9941-15 -982-4
040 _cGE_BSU
080 _a94(37/38)
100 _aპლუტარქოსი
245 _aრჩეული ბიოგრაფიები
245 _bწიგნი I:
245 _cძველბერძნ.თარგმნა და შენიშვნ.დაურთო აკაკი ურუშაძემ; რედ.:მარინა სოხაძე;დიზაინერი:ია მახათაძე.
260 _aთბილისი
260 _bბაკურ სულაკაურის გამ-ბა
260 _c2013
300 _a403გვ.22სმ.
300 _eყდაზე:ჟან ოგიუსტ დომინიკ ენგრის "აკრონზე გამარჯვებულ რომულუსს მიაქვს ალაფი ზევსის ტაძარში" 1812, ხელოვნების მუზეუმი,პარიზი.-შენიშვნ.:გვ. 359-400.
541 _h12ლ.
653 _aისტორია
942 _cBK
999 _c49418
_d49418